[Event "Mittelfranken Mitte-ch"]
[Site "Nuremberg"]
[Date "2020.01.05"]
[Round "4.6"]
[White "Albayrak, Aylin"]
[Black "Ulusoy, Tolga"]
[Result "0-1"]
[WhiteElo "1703"]
[BlackElo "2039"]
[PlyCount "82"]
[EventDate "2020.01.03"]
[EventType "swiss"]
[EventRounds "7"]
[EventCountry "GER"]
[SourceTitle "EXT 2023"]
[Source "ChessBase"]
[SourceDate "2022.10.05"]
[SourceVersion "1"]
[SourceVersionDate "2022.10.05"]
[SourceQuality "1"]

1. d4 Nf6 2. c4 c5 3. d5 b5 4. cxb5 a6 5. Nc3 axb5 6. Nxb5 Qa5+ 7. Nc3 Ba6 8. Bd2 Qb6 9. Qc2 d6 10. g3 g6 11. Bg2 Bg7 12. Nf3 0-0 13. 0-0 Nbd7 14. Rab1 Rfb8 15. Rfe1 Ng4 16. Na4 Qa7 17. b3 c4 18. e3 Nge5 19. Nb2 cxb3 20. axb3 Rc8 21. Qe4 Nc5 22. Qh4 Nxb3 23. Ng5 h6 24. Ne4 f5 25. Bc3 fxe4 26. Bxe5 dxe5 27. Qxe4 Qb6 28. Na4 Qb5 29. Qxg6 Qxa4 30. Be4 Nc5 31. Bf5 Kf8 32. Rb6 Qe8 33. Qh7 Qf7 34. Reb1 Rd8 35. e4 Bc8 36. Bg6 Qg8 37. Rc6 Qxh7 38. Bxh7 Nb7 39. Rb3 Bh3 40. f4 Ra1+ 41. Kf2 Na5 0-1

[Event "Nuremberg op"]
[Site "Nuremberg"]
[Date "2019.11.15"]
[Round "1"]
[White "Ulusoy, Tolga"]
[Black "Oram, Thomas"]
[Result "1-0"]
[WhiteElo "2034"]
[BlackElo "1569"]
[PlyCount "55"]
[EventDate "2019.11.15"]
[EventType "swiss"]
[EventRounds "5"]
[EventCountry "GER"]
[SourceTitle "CBM 193 Extra"]
[Source "ChessBase"]
[SourceDate "2020.01.31"]
[SourceVersion "1"]
[SourceVersionDate "2020.01.31"]
[SourceQuality "1"]

1. e4 c5 2. d4 cxd4 3. c3 Nf6 4. e5 Nd5 5. Nf3 d6 6. Bc4 e6 7. cxd4 dxe5 8. Nxe5 Bb4+ 9. Bd2 0-0 10. 0-0 Bd6 11. Qg4 Qc7 12. Qe2 Nb6 13. Bd3 N8d7 14. Re1 Nf6 15. Nc3 a6 16. Rac1 Qb8 17. Bb1 Rd8 18. Bg5 Be7 19. Rcd1 Nbd7 20. Nxf7 Re8 21. Qxe6 g6 22. Nd6+ Kh8 23. Nxe8 Nxe8 24. Qxe7 Ng7 25. Qd8+ Ne8 26. Rxe8+ Kg7 27. Rg8+ Kf7 28. Qe8# 1-0

[Event "Regionalliga Nord-Ost 1819"]
[Site "Bayern"]
[Date "2019.03.24"]
[Round "8.4"]
[White "Zeltner, Ottmar"]
[Black "Ulusoy, Tolga"]
[Result "1-0"]
[WhiteElo "1937"]
[BlackElo "1991"]
[PlyCount "117"]
[EventDate "2018.10.21"]
[EventType "team-tourn"]
[EventRounds "9"]
[EventCountry "GER"]
[SourceTitle "EXT 2022"]
[Source "ChessBase"]
[SourceDate "2021.10.06"]
[SourceVersion "1"]
[SourceVersionDate "2021.10.06"]
[SourceQuality "1"]
[WhiteTeam "Rothenburg"]
[BlackTeam "Nuernberg NT III"]
[WhiteTeamCountry "GER"]
[BlackTeamCountry "GER"]

1. e4 c5 2. Nf3 d6 3. d4 cxd4 4. Nxd4 Nf6 5. Nc3 g6 6. Be3 Bg7 7. f3 Nc6 8. Qd2 0-0 9. 0-0-0 d5 10. Nxc6 bxc6 11. exd5 cxd5 12. Nxd5 Nxd5 13. Qxd5 Qc7 14. Qc5 Qb7 15. Qa3 Bf5 16. Bd3 Rab8 17. b3 a5 18. Bxf5 gxf5 19. Bd4 e5 20. Bb2 a4 21. Qxa4 Ra8 22. Qd7 Qa6 23. a4 Qg6 24. Kb1 Rfc8 25. Rhg1 Rc6 26. f4 Rac8 27. Rd2 e4 28. Bxg7 Kxg7 29. g4 Kf8 30. Qxf5 Qg7 31. Rgd1 Re8 32. Rd8 Rce6 33. Rxe8+ Rxe8 34. Qc5+ Kg8 35. a5 e3 36. Qg5 Qxg5 37. fxg5 Re5 38. b4 e2 39. Re1 Kf8 40. c3 Ke7 41. Kc2 Kd6 42. Kd3 Rxg5 43. Rxe2 Rxg4 44. Ra2 Kc7 45. Rf2 Rg7 46. c4 Kb7 47. b5 h5 48. Rf5 h4 49. Rf4 h3 50. Rh4 Rg2 51. Rxh3 Ra2 52. a6+ Kb6 53. Rh6+ Kc7 54. Rf6 Rxh2 55. Rxf7+ Kb6 56. Rb7+ Kc5 57. a7 Rh3+ 58. Ke4 Ra3 59. b6 1-0

[Event "Oberliga Bayern 1718"]
[Site "Bayern"]
[Date "2018.03.18"]
[Round "8.4"]
[White "Ulusoy, Tolga"]
[Black "Babiy, Olga"]
[Result "0-1"]
[WhiteElo "2082"]
[BlackElo "2317"]
[PlyCount "76"]
[EventDate "2017.10.22"]
[EventType "team-tourn"]
[EventRounds "9"]
[EventCountry "GER"]
[SourceTitle "EXT 2020"]
[Source "ChessBase"]
[SourceDate "2019.10.17"]
[SourceVersion "1"]
[SourceVersionDate "2019.10.17"]
[SourceQuality "1"]
[WhiteTeam "Nuernberg NT II"]
[BlackTeam "Muenchen 36"]
[WhiteTeamCountry "GER"]
[BlackTeamCountry "GER"]

1. e4 c5 2. c3 d5 3. exd5 Qxd5 4. d4 e6 5. Nf3 Nf6 6. Na3 a6 7. Nc4 Nbd7 8. a4 b6 9. Be3 Be7 10. Qb3 Ng4 11. Rd1 Nxe3 12. fxe3 0-0 13. Bd3 b5 14. Qc2 f5 15. axb5 axb5 16. e4 Qb7 17. Ncd2 c4 18. Be2 Nf6 19. 0-0 Ng4 20. b3 Ne3 21. Qb1 fxe4 22. Nxe4 Qd5 23. bxc4 bxc4 24. Ne5 Nxd1 25. Rxd1 Ba6 26. Bf3 Qb5 27. Qc2 Rab8 28. Qf2 Bb7 29. Qg3 Bd5 30. h4 Qb7 31. Re1 Kh8 32. h5 Bf6 33. Ng4 Bxe4 34. Rxe4 Qf7 35. Qd6 Rb1+ 36. Kf2 Bh4+ 37. Ke2 Rfb8 38. Re5 R8b2+ 0-1

[Event "Mittelfranken-ch HT"]
[Site "Nuremberg"]
[Date "2015.04.02"]
[Round "7"]
[White "Erlbeck, Peter"]
[Black "Ulusoy, Tolga"]
[Result "0-1"]
[WhiteElo "2091"]
[BlackElo "2048"]
[PlyCount "162"]
[EventDate "2015.03.31"]
[EventType "swiss"]
[EventRounds "9"]
[EventCountry "GER"]
[SourceTitle "EXT 2016"]
[Source "ChessBase"]
[SourceDate "2015.10.08"]
[SourceVersion "1"]
[SourceVersionDate "2015.10.08"]
[SourceQuality "1"]

1. e4 c5 2. Nc3 d6 3. f4 e5 4. Nf3 Nc6 5. Bb5 Bg4 6. 0-0 Nf6 7. d3 Be7 8. Bxc6+ bxc6 9. h3 Bxf3 10. Qxf3 Nd7 11. b3 0-0 12. Bd2 Bf6 13. f5 Nb6 14. Rad1 d5 15. g4 c4 16. bxc4 dxc4 17. Kh1 cxd3 18. cxd3 Bg5 19. Bxg5 Qxg5 20. Qg3 Qe7 21. f6 gxf6 22. Qh4 Kh8 23. Rf5 Rg8 24. Rdf1 Nd7 25. Rh5 Rg7 26. Ne2 Qa3 27. Rf3 Qxa2 28. Ng3 Rb8 29. Nf1 Qe2 30. Rhf5 a5 31. Qg3 a4 32. Rf2 Qe1 33. Rb2 Qxg3 34. Rxb8+ Nxb8 35. Nxg3 Nd7 36. Nh5 Rg8 37. Nxf6 Rd8 38. Nxd7 Rxd7 39. Rxe5 Rxd3 40. Kg2 a3 41. Ra5 Rd2+ 42. Kg3 a2 43. Kf4 c5 44. Ke3 Rh2 45. Kd3 Rxh3+ 46. Kc4 Re3 47. Kxc5 Rxe4 48. Rxa2 Rxg4 49. Kd5 Kg7 50. Ke5 f6+ 51. Kf5 Rg5+ 52. Kf4 h5 53. Ra7+ Kg6 54. Ra8 Rg4+ 55. Kf3 Rb4 56. Kg3 Kg5 57. Rg8+ Kf5 58. Rh8 Rg4+ 59. Kf3 Rg5 60. Rh6 Ke5 61. Rh8 Kd4 62. Rd8+ Rd5 63. Re8 Rf5+ 64. Kg3 Kd3 65. Rf8 Ke4 66. Kh4 Rf1 67. Kxh5 f5 68. Kh4 Rg1 69. Kh3 f4 70. Re8+ Kf3 71. Kh2 Rg5 72. Ra8 Re5 73. Rf8 Re1 74. Rf7 Rf1 75. Rf8 Ke2 76. Re8+ Kf2 77. Ra8 Re1 78. Rf8 f3 79. Rf7 Re8 80. Kh3 Rh8+ 81. Kg4 Kg2 0-1

[Event "Landesliga Nord 1415"]
[Site "Bayern"]
[Date "2015.02.22"]
[Round "7.8"]
[White "Ulusoy, Tolga"]
[Black "Daum, Matthias"]
[Result "1-0"]
[WhiteElo "2089"]
[BlackElo "1837"]
[PlyCount "51"]
[EventDate "2014.10.19"]
[EventType "team-tourn"]
[EventRounds "9"]
[EventCountry "GER"]
[SourceTitle "EXT 2018"]
[Source "ChessBase"]
[SourceDate "2017.10.13"]
[SourceVersion "1"]
[SourceVersionDate "2017.10.13"]
[SourceQuality "1"]
[WhiteTeam "Nuernberg NT II"]
[BlackTeam "Bamberg SC"]
[WhiteTeamCountry "GER"]
[BlackTeamCountry "GER"]

1. e4 c5 2. c3 Nc6 3. d4 d5 4. exd5 Qxd5 5. dxc5 Qxd1+ 6. Kxd1 Bf5 7. Be3 Nf6 8. Nf3 e5 9. Bb5 Ng4 10. b4 Rd8+ 11. Nbd2 Be7 12. h3 Nxe3+ 13. fxe3 Bf6 14. g4 Be4 15. Ke2 Rxd2+ 16. Nxd2 Bxh1 17. Rxh1 0-0 18. Bxc6 bxc6 19. e4 Be7 20. Nc4 f6 21. Rd1 Rd8 22. Na5 Rxd1 23. Kxd1 Kf7 24. Nxc6 a6 25. Nb8 a5 26. Nc6 1-0